=LDR 00000nam 2200000 4500 =001 INLIS000000000024768 =005 20141220101447.0 =006 =007 =008 Ind =035 ##$$0010-061300000024768 =041 ##$$a Ind =082 ##$$a 415 =090 ##$$a 415, Eff a =100 ##$$a Effendi, S =245 ##$$a Adverbial cara dan adverbial sarana dalam bahasa Indonesia, S. Effendi =260 ##$$a 2004 $b Jakarta =300 ##$$a xiv, 243 hlm, ilus, 24 cm =650 ##$$a Bahasa Indonesia - Adverbia =850 ##$$a NBPNMAT